| 000 | 00413nam a22001217a 4500 | ||
|---|---|---|---|
| 999 |
_c18587 _d18587 |
||
| 008 | 201109b xxu||||| |||| 00| 0 eng d | ||
| 020 | _a0855984643 | ||
| 050 |
_aS494.5 _b.D48 2002 c.1 |
||
| 245 |
_aDevelopment and Agroforestry _bscaling up the impacts of research _cEdited by Steven Franzel, Peter Cooper, Glenn L. Denning, & Deborah Eade |
||
| 260 |
_aUK _bOxfam _c2002 |
||
| 300 | _axii, 202p. | ||
| 942 |
_2lcc _cBK |
||